000 00279nam a22001337a 4500
008 170424b xxu||||| |||| 00| 0 eng d
020 _a9781579128142
041 _aeng
080 _a54
100 _a12
101 _aSHM
245 _aTHE ELEMENTS
_cGRAY. TH
942 _2udc
_cBK
999 _c11669
_d11669